00238nam a2200109Ia 4500008004100000100001300041245002000054260001800074650001200092942000700104999001700111190216s9999||||xx |||||||||||||| ||und|| aK K Raja 0aNadakkatte Njan bCurrent Books aKavitha cBK c24460d24460